| 000 | 00668nam a2200217 i 4500 | ||
|---|---|---|---|
| 001 | bgj | ||
| 100 | 1 | _aENGLER, Nick | |
| 245 | 1 | 0 |
_aJigs, fixtures, and shop furniture / _ccollected and written by Nick Engler. |
| 260 |
_aEmmaus, Pa : _bRodale Press, _cc. 1989. |
||
| 300 |
_aIII, 123 pp : _bill. ; _c29 cm. |
||
| 490 | 1 | _aBuild-It-Better-Yourself Woodworking Projects | |
| 650 | 9 | _aWoodworking tools | |
| 650 | 9 |
_aWoodwork _xEquipment and supplies |
|
| 830 | _aBuild-It-Better-Yourself Woodworking Projects | ||
| 020 | _a0878578390 | ||
| 040 | _cBPK | ||
| 041 | 0 | _aeng | |
| 920 | _a0-87857-839-0 | ||
| 942 | _cKS | ||
| 008 | s uk f |000 0 eng | ||
| 999 |
_c47556 _d47556 |
||
| 856 |
_uhttp://koha.tu.koszalin.pl/cgi-bin/koha/opac-detail.pl?biblionumber=47556 _yKatalog online BPK |
||